000 00304nam a2200133Ia 4500
008 191201s2006 xx 000 0 und d
100 _aHall, Douglas V
245 0 _aMicroprocessor and Interfacing
250 _a-
260 _c2006
_bTMH
_aN.Delhi
300 _a16.19
650 _aCSE
942 _2ddc
_cBB
999 _c7252
_d7252